Eastern Utah Libraries Catalog: Duchesne, Heber, Roosevelt, & Vernal

Home before dark / (Record no. 263320)

MARC details
000 -LEADER
fixed length control field 01361nam a2200397Ia 4500
001 - CONTROL NUMBER
control field ocm54669662
003 - CONTROL NUMBER IDENTIFIER
control field OCoLC
005 - DATE AND TIME OF LATEST TRANSACTION
control field 20200320181314.0
008 - FIXED-LENGTH DATA ELEMENTS--GENERAL INFORMATION
fixed length control field 040310s2003 onc 000 1 eng d
020 ## - INTERNATIONAL STANDARD BOOK NUMBER
International Standard Book Number 0778320197 (pbk.) :
Terms of availability $6.99
040 ## - CATALOGING SOURCE
Original cataloging agency BPL
Transcribing agency BPL
Modifying agency OCLCQ
-- WACOL
043 ## - GEOGRAPHIC AREA CODE
Geographic area code n-us-tx
049 ## - LOCAL HOLDINGS (OCLC)
Holding library WACL
050 #4 - LIBRARY OF CONGRESS CALL NUMBER
Classification number PR1309 L68
Item number H3 no. a12479
082 #4 - DEWEY DECIMAL CLASSIFICATION NUMBER
Classification number 813
092 ## - LOCALLY ASSIGNED DEWEY CALL NUMBER (OCLC)
Classification number F
Item number Wig
100 1# - MAIN ENTRY--PERSONAL NAME
Personal name Wiggs, Susan.
9 (RLIN) 31831
245 10 - TITLE STATEMENT
Title Home before dark /
Statement of responsibility, etc Susan Wiggs.
260 ## - PUBLICATION, DISTRIBUTION, ETC. (IMPRINT)
Place of publication, distribution, etc Don Mills, Ont. :
Name of publisher, distributor, etc MIRA Books,
Date of publication, distribution, etc c2003.
300 ## - PHYSICAL DESCRIPTION
Extent 409 p. ;
Dimensions 22 cm.
521 ## - TARGET AUDIENCE NOTE
Target audience note paperback fiction
Source amazon
650 #0 - SUBJECT ADDED ENTRY--TOPICAL TERM
Topical term or geographic name as entry element Women photographers
Form subdivision Fiction.
9 (RLIN) 5700628
650 #0 - SUBJECT ADDED ENTRY--TOPICAL TERM
Topical term or geographic name as entry element Mothers and daughters
Form subdivision Fiction.
9 (RLIN) 5673712
650 #0 - SUBJECT ADDED ENTRY--TOPICAL TERM
Topical term or geographic name as entry element Adopted children
Form subdivision Fiction.
9 (RLIN) 5694279
650 #0 - SUBJECT ADDED ENTRY--TOPICAL TERM
Topical term or geographic name as entry element Teenage girls
Form subdivision Fiction.
9 (RLIN) 5674582
650 #0 - SUBJECT ADDED ENTRY--TOPICAL TERM
Topical term or geographic name as entry element Birthmothers
Form subdivision Fiction.
9 (RLIN) 5708428
650 #0 - SUBJECT ADDED ENTRY--TOPICAL TERM
Topical term or geographic name as entry element Sisters
Form subdivision Fiction.
9 (RLIN) 5674091
651 #0 - SUBJECT ADDED ENTRY--GEOGRAPHIC NAME
Geographic name Texas
Form subdivision Fiction.
9 (RLIN) 5673670
655 #7 - INDEX TERM--GENRE/FORM
Genre/form data or focus term Domestic fiction.
Source of term lcsh
9 (RLIN) 5834265
655 #7 - INDEX TERM--GENRE/FORM
Genre/form data or focus term Love stories.
Source of term gsafd
9 (RLIN) 5834266
942 ## - ADDED ENTRY ELEMENTS (KOHA)
Koha item type BOOK
948 ## - LOCAL PROCESSING INFORMATION (OCLC); SERIES PART DESIGNATOR (RLIN)
Series part designator, SPT (RLIN) 08/02/2006
z (OCLC) Sirsi
994 ## -
-- 02
-- WACOL
996 ## -
-- 49792
-- 34301001255068
-- F
-- bk
-- wcl
-- o
-- 10
-- 24.95
-- gift
-- Wig
-- 07/30/2013
-- 10/17/2019
-- 03/05/2020
996 ## -
-- 49792
-- 34301000546608
-- pbkf
-- PBK
-- wcl
-- i
-- 9
-- 6.99
-- amazon
-- Wig
-- 08/02/2006
-- 08/28/2013
-- 08/08/2013
Holdings
Withdrawn status Lost status Source of classification or shelving scheme Damaged status Not for loan Collection code Home library Current library Shelving location Date acquired Source of acquisition Cost, normal purchase price Total Checkouts Total Renewals Full call number Barcode Date last seen Date checked out Cost, replacement price Price effective from Koha item type
    Dewey Decimal Classification     Fiction Wasatch County Library Wasatch County Library First Floor 07/30/2013 Donation 24.95 21 4 F Wiggs 34301001255068 01/27/2026 12/30/2025 24.95 03/20/2020 BOOK
This project was made possible through a grant from the Institute of Museum and Library Service administered by the Utah State Library Division.

Wasatch County Library

  • 465 East 1200 South, Heber City, Utah 84032
  • Phone 435-654-1511 | Fax 435-654-6456

Hours

  • Monday - Friday 9:30 AM - 8:00 PM
  • Saturday 9:30 AM - 1:30 PM
  • Closed Sundays and Holidays